000
00335 a2200145 4500
001
169741
020
_a
040
_c
Magnum
100
_a
Freitas, Maria Ester de
240
1
0
_a
Viva a tese ! um guia de sobrevivencia
_l
por
245
1
0
_a
Viva a tese ! um guia de sobrevivencia
362
0
_a
1899
697
_a
ENSINO
942
_c
BK
999
_c
169741
_d
169741